Normal view
MARC view
- Taxation
Entry Topical Term
001 - CONTROL NUMBER
- control field: 50276
003 - CONTROL NUMBER IDENTIFIER
- control field: OSt
005 - DATE AND TIME OF LATEST TRANSACTION
- control field: 20220806103554.0
008 - FIXED-LENGTH DATA ELEMENTS
- fixed length control field: 220806|| aca||aabn | a|a d
040 ## - CATALOGING SOURCE
- Original cataloging agency: OSt
- Transcribing agency: OSt
150 ## - HEADING--TOPICAL TERM
- Topical term or geographic name entry element: Taxation
670 ## - SOURCE DATA FOUND
- Source citation: Work cat.: (OSt)29329: Wakale,l. P. / Kapadnis, B. V. 50275, Income Tax : Practice And Procedure 2011-2012, 2004